Statistics for Sign languages by number of native signers

Click here to take the quiz!

General Stats

  • This quiz has been taken 10 times
  • The average score is 18 of 24

Answer Stats

Number of SignersAnswer% Correct
459,850American Sign Language
100%
10,000Auslan
100%
600,000Brazilian Sign Language
100%
6,300,000Indo-Pakistani Sign Language
100%
715,000Russian Sign Language
100%
80,000British Sign Language
90%
4,000,000Chinese Sign Language
90%
100,000French Sign Language
90%
900,000Indonesian Sign Language
90%
126,000Japanese Sign Language
90%
325,000Persian Sign Language
90%
474,000Egyptian Sign Language
80%
80,000German Sign Language
80%
40,000Italian Sign Language
80%
130,000Mexican Sign Language
80%
523,000Spanish Sign Language
80%
300,000Turkish Sign Language
80%
38,000 to 50,000Polish Sign Language
70%
60,000Malaysian Sign Language
60%
15,000Dutch Sign Language
50%
23,000New Zealand Sign Language
50%
20,000Hong Kong Sign Language
20%
22,000Yugoslav Sign Language
20%
20,000Uruguayan Sign Language
10%

Score Distribution

Percentile by Number Answered

Percent of People with Each Score

Your Score History

You have not taken this quiz